000 00336nam a2200145Ia 4500
005 20251222152651.0
008 251222s9999||||xx |||||||||||||| ||spa||
020 _a997232127
082 _a154.2/R68
100 _aRivera Diaz, Guillermo
245 0 _aLa Prosperidad Personal
250 _a1ra.ed.
264 _bInfamil
942 _cLIB
999 _c28460
_d28460